000 00517nam a2200193Ia 4500
008 151121s9999||||xx |||||||||||||| ||und||
082 _a901।954/ MAJ
082 _bHNW-66382
100 _aMajumdar R।C
245 _aBritish Paramountcy&Indian R।- IX
260 _bB।V।B।Bombay।
260 _c--
300 _a1205
600 _aMajumdar R।C
630 _aBritish Paramountcy&Indian R।- IX
700 _aMajumdar R।C
730 _aBritish Paramountcy&Indian R।- IX
942 _cBOOK
999 _c1247879
_d1247876